Red, Yellow, & Green Flags - Sudden Death - Statistics

General Stats
  • This quiz has been taken 5,463 times
  • The average score is 4 of 11
Answers on the Grid
Answers color-coded by a green-red scale on the quiz's grid according to % correct below.
Benin
Bolivia
Burkina Faso
Cameroon
Dominica
Equatorial Guinea
Ethiopia
Ghana
Grenada
Guinea
Guinea-Bissau
Guyana
Jamaica
Kenya
Lithuania
Mali
Mauritania
Mozambique
Myanmar
Portugal
Rep. of the Congo
Sao Tome & Principe
Senegal
South Africa
St. Kitts and Nevis
Suriname
Togo
Vanuatu
Zambia
Zimbabwe
 
Answer Stats
Answer % Correct
Bolivia
71%
Benin
69%
Cameroon
63%
Burkina Faso
46%
Guinea
33%
Mali
25%
Lithuania
22%
Senegal
18%
Grenada
17%
Rep. of the Congo
17%
Mauritania
9%
No matching quizzes found
Score Distribution
Percent of People with Each Score
Percentile by Number Answered
Your Score History
You have not taken this quiz